000 02763nam a22002897a 4500
003 URS
005 20251105073620.0
008 250904b ||||| |||| 00| 0 eng d
043 _aURS
245 _aQuick Bonding: Digital Game-based Activities in Science 9
_b/ Libungan, Leonil M.... [et al.].
260 _cJanuary 2024
300 _a125 leaves :
_billustrations ;
_c28 cm.
336 _2rdacontent
_atext
337 _2rdamedia
_aunmediated
338 _2rdacarrier
_avolume
502 _aThesis
_bBachelor of Secondary Education Major in Science
_cUniversity of Rizal System-Morong
_d2024
520 _aEXECUTIVE SUMMARY: This study aimed to develop Quick Bonding: Digital Game-based Activities in Science 9 that served as an enhancement material in learning the topic “chemical bonding” in Science 9 since several studies revealed the learning difficulties of students in the mentioned topic. This research was conducted in the selected public schools in the Division of Rizal during the Academic Year 2022-2023. The developed game was evaluated by Chemistry teachers and IT experts from the Division of Rizal utilizing an adopted questionnaire checklist. The comments and suggestions of the respondents were considered for the improvement of the digital game. In addition, Grade 9 students of Bernardo F. San Juan National High School served as respondents in testing the level of performance of students before and after exposure to the developed enhancement material. The digital game was originally designed by the researchers applying the learning competencies included in the “chemical bonding” topic of Science 9. The findings of this study employed that the developed Quick Bonding: Digital Game- based Activities in Science 9 was “Very Much Acceptable” as evaluated by both Chemistry teachers and IT experts with respect to the various criteria. Furthermore, the results of the study revealed that the in totality, the students had a "Fairly Satisfactory" performance before the exposure to the enhancement material and a "Very Satisfactory” performance after the exposure to the enhancement material which indicates that the use of the developed Digital Quick Bonding: Digital Game-based Activities in Science 9 is effective as an enhancement tool for Grade 9 students.
690 _aUN SDG 4
690 _aUN SDG 9
700 _aLibungan, Leonil M.
_eauthor
700 _aVillaran, Jonsyrill F.
_eauthor
700 _aDe Mesa, John Carlo N.
_eauthor
700 _aJulian, Jojimar SJ.
_edegree supervisor
856 _3Online Request for Student Unpublished Works
_uhttps://forms.gle/7LqvGGkaDrUQqz429
856 _uhttps://drive.google.com/file/d/1BTvmxY7rbelK6CUcwPy1yaUYTl38x5TA/view?usp=drive_link
942 _2lcc
_cT
999 _c85883
_d85881